IMDB Top 50 TV Episodes - Statistics

General Stats
  • This quiz has been taken 397 times
  • The average score is 24 of 50
Answer Stats
Rank Rating TV Show Episode % Correct
1 10.0 Breaking Bad Ozymandias
91%
10 9.9 Breaking Bad Felina
91%
12 9.9 Breaking Bad Face Off
91%
20 9.8 Breaking Bad To'hajiile
91%
34 9.7 Breaking Bad Dead Freight
91%
35 9.7 Breaking Bad Granite State
91%
38 9.7 Breaking Bad Crawl Space
91%
39 9.7 Breaking Bad Full Measure
91%
5 9.9 Game of Thrones The Winds of Winter
84%
6 9.9 Game of Thrones Battle of the Bastards
84%
8 9.9 Game of Thrones Hardhome
84%
11 9.9 Game of Thrones The Rains of Castamere
84%
16 9.8 Game of Thrones The Spoils of War
84%
26 9.7 Game of Thrones The Door
84%
28 9.7 Game of Thrones The Laws of Gods and Men
84%
29 9.7 Game of Thrones The Children
84%
30 9.7 Game of Thrones The Mountain and the Viper
84%
32 9.7 Game of Thrones The Lion and the Rose
84%
36 9.7 Game of Thrones Blackwater
84%
49 9.6 Game of Thrones The Watchers on the Wall
84%
15 9.8 Better Call Saul Bagman
52%
24 9.7 Better Call Saul Chicanery
52%
41 9.7 Friends The Last One: Part 2
52%
19 9.8 The Office Finale
37%
31 9.7 The Walking Dead Too Far Gone
37%
45 9.6 The Walking Dead No Way Out
37%
48 9.6 The Walking Dead No Sanctuary
37%
2 9.9 Attack on Titan Hero
31%
14 9.9 Attack on Titan Midnight Sun
31%
40 9.7 Lost The Constant
31%
21 9.8 Dexter The Getaway
27%
3 9.9 Chernobyl Vichnaya Pamyat
24%
23 9.7 Chernobyl Please Remain Calm
24%
42 9.6 Chernobyl Open Wide, O Earth
24%
17 9.8 Rick and Morty The Ricklantis Mixup
22%
43 9.6 Rick and Morty The Rickshank Rickdemption
22%
44 9.6 Rick and Morty Total Rickall
22%
4 9.9 Mr Robot 407 Proxy Authentication Required
20%
13 9.9 Mr Robot Hello, Elliot
20%
22 9.8 Doctor Who Blink
15%
33 9.7 True Detective Who Goes There
14%
50 9.6 True Detective Form and Void
14%
37 9.7 Sherlock The Reichenbach Fall
13%
25 9.7 Westworld The Bicameral Mind
11%
9 9.9 Hannibal Mizumono
6%
18 9.8 Hannibal The Wrath of the Lamb
6%
7 9.9 Person of Interest If-Then-Else
4%
27 9.7 The Flash Out of Time
4%
46 9.6 The Flash Fast Enough
4%
47 9.6 Arrow The Climb
3%
No matching quizzes found
Score Distribution
Percent of People with Each Score
Percentile by Number Answered
Your Score History
You have not taken this quiz